| 000 | 01002nac a22003137a 4500 | ||
|---|---|---|---|
| 001 | BR0003004 | ||
| 003 | BR-BrBNA | ||
| 005 | 20240105122427.0 | ||
| 008 | 230509b bl.|||m| |||| 00| 0 por d | ||
| 040 |
_aBR-BrBNA _bpor _cBiblioteca Nacional de Agricultura |
||
| 072 | _aE80 | ||
| 090 | _aE80 BR0003004 | ||
| 100 | 1 | _aCasagrande, A. | |
| 100 | 1 | _aMurakami, J.L.G. | |
| 100 | 1 | _aZawadzki, J. | |
| 100 | 1 | _aSantos, M.R. dos | |
| 100 | 1 | _aFuckner, M. | |
| 100 | 1 | _aRover, N. | |
| 110 | 1 | _aEmpresa Paranaense de Assistencia Tecnica e Extensao Rural, Curitiba (Brasil) | |
| 245 | 1 | _aFormacao de auxiliares de servicos domesticos | |
| 260 | 3 |
_aCuritiba, PR (Brasil): _c1999. |
|
| 300 | _a36 p. | ||
| 490 |
_aSerie Produtor - Empresa Paranaense de Assistencia Tecnica e Extensao Rural (Brazil) _vno. 27 _x |
||
| 500 | _a14 ref.; 15 illus. | ||
| 650 | _aEconomia Domestica | ||
| 650 | _aFormacao Profissional | ||
| 909 |
_a202312 _bLúcia Elande _c55 _dLúcia Elande |
||
| 942 |
_2AGRIS _n0 _cMS |
||
| 999 |
_c290977 _d290977 |
||